REVIEW OF PHARMACOLOGY (Record no. 20972)

MARC details
000 -LEADER
fixed length control field 00339nam a22001577a 4500
003 - CONTROL NUMBER IDENTIFIER
control field SGT
020 ## - INTERNATIONAL STANDARD BOOK NUMBER
International Standard Book Number 9789389776836
082 ## - DEWEY DECIMAL CLASSIFICATION NUMBER
Classification number 615
Item number R20G
100 ## - MAIN ENTRY--PERSONAL NAME
Personal name GARG, GOBIND RAI
245 ## - TITLE STATEMENT
Title REVIEW OF PHARMACOLOGY
250 ## - EDITION STATEMENT
Edition statement 14TH
260 ## - PUBLICATION, DISTRIBUTION, ETC. (IMPRINT)
Place of publication, distribution, etc INDIA
Name of publisher, distributor, etc JAYPEE PUB
Year of Publication 2020
300 ## - PAGE DESCRIPTION
No. of Pages 619
650 ## - SUBJECT ADDED ENTRY--TOPICAL TERM
Topical term or geographic name as entry element PHARMACOLOGY
942 ## - ADDED ENTRY ELEMENTS (KOHA)
Source of classification or shelving scheme Dewey Decimal Classification
Koha item type Books
942 ## - ADDED ENTRY ELEMENTS (KOHA)
-- 171
Holdings
Withdrawn status Lost status Source of classification or shelving scheme Damaged status Not for loan Collection code Home library Current library Shelving location Date acquired Vendor Name Cost, normal purchase price SGTU Bill Number Total Checkouts Full call number Accession No. (Barcode) Date last seen Date last borrowed Bill Date Koha item type Total Renewals
    Dewey Decimal Classification     MEDICAL SGT Medical Library SGT Medical Library Text Book 26/03/2021 ABC DELHI 1095.00 SGTU 12725 5 615 R20G FM12281 12/12/2025 28/11/2025 19/02/2021 Books  
    Dewey Decimal Classification     MEDICAL SGT Medical Library SGT Medical Library Text Book 26/03/2021 ABC DELHI 1095.00 SGTU 12725 47 615 R20G FM12282 14/06/2025 29/05/2025 19/02/2021 Books 1
    Dewey Decimal Classification     MEDICAL SGT Medical Library SGT Medical Library Text Book 26/03/2021 ABC DELHI 1095.00 SGTU 12725 45 615 R20G FM12283 14/06/2025 29/05/2025 19/02/2021 Books  
    Dewey Decimal Classification     MEDICAL SGT Medical Library SGT Medical Library Text Book 26/03/2021 ABC DELHI 1095.00 SGTU 12725 53 615 R20G FM12284 15/12/2025 02/12/2025 19/02/2021 Books  
    Dewey Decimal Classification     MEDICAL SGT Medical Library SGT Medical Library Text Book 26/03/2021 ABC DELHI 1095.00 SGTU 12725 49 615 R20G FM12285 24/11/2025 13/11/2025 19/02/2021 Books